Nightwing (Record no. 35152)

MARC details
000 -LEADER
fixed length control field 00251nam a2200109Ia 4500
082 ## - DEWEY DECIMAL CLASSIFICATION NUMBER
Classification number 82-3
Item number SMI
100 ## - MAIN ENTRY--AUTHOR NAME
Personal name Smith, Martin Cruz
245 #0 - TITLE STATEMENT
Title Nightwing
260 ## - PUBLICATION, DISTRIBUTION, ETC. (IMPRINT)
Place of publication New York
Name of publisher Jove
Year of publication 1978
942 ## - ADDED ENTRY ELEMENTS (KOHA)
Koha item type Books
Holdings
Withdrawn status Lost status Damaged status Not for loan Home library Current library Date acquired Full call number Accession Number Koha item type
        RRII Library RRII Library 16/12/2021 82-3 SMI 15579 Books